<?xml version="1.0" encoding="UTF-8"?>
<collection xmlns="http://www.loc.gov/MARC21/slim">
 <record>
  <leader>01137nam a22002177a 4500</leader>
  <controlfield tag="001">NCT_75181</controlfield>
  <controlfield tag="008">200222b        xxu||||| |||| 00| 0 vie d</controlfield>
  <datafield tag="999" ind1=" " ind2=" ">
   <subfield code="c">3666</subfield>
   <subfield code="d">3666</subfield>
  </datafield>
  <datafield tag="020" ind1=" " ind2=" ">
   <subfield code="a">9786048036638</subfield>
   <subfield code="c">300000</subfield>
  </datafield>
  <datafield tag="082" ind1="0" ind2="4">
   <subfield code="2">23rd ed.</subfield>
   <subfield code="a">616.1</subfield>
   <subfield code="b">E464</subfield>
  </datafield>
  <datafield tag="100" ind1="1" ind2=" ">
   <subfield code="a">Esselstyn, Caldwell</subfield>
  </datafield>
  <datafield tag="245" ind1="1" ind2="0">
   <subfield code="a">Bí quyết ngăn ngừa và chữa khỏi bệnh động mạch vành</subfield>
   <subfield code="c">Caldwell Esselstyn ; Hoàng Hiệp (dịch)</subfield>
  </datafield>
  <datafield tag="260" ind1=" " ind2=" ">
   <subfield code="a">H.</subfield>
   <subfield code="b">Thông tin và truyền thông</subfield>
   <subfield code="c">2019</subfield>
  </datafield>
  <datafield tag="300" ind1=" " ind2=" ">
   <subfield code="a">357 tr.</subfield>
   <subfield code="b">minh họa</subfield>
   <subfield code="c">24cm</subfield>
  </datafield>
  <datafield tag="653" ind1=" " ind2=" ">
   <subfield code="a">Y Đa khoa</subfield>
  </datafield>
  <datafield tag="700" ind1="1" ind2=" ">
   <subfield code="a">Hoàng Hiệp</subfield>
   <subfield code="e">Dịch</subfield>
  </datafield>
  <datafield tag="942" ind1=" " ind2=" ">
   <subfield code="2">ddc</subfield>
   <subfield code="c">BK</subfield>
  </datafield>
  <datafield tag="952" ind1=" " ind2=" ">
   <subfield code="0">0</subfield>
   <subfield code="1">0</subfield>
   <subfield code="2">ddc</subfield>
   <subfield code="4">0</subfield>
   <subfield code="6">616_100000000000000_E464</subfield>
   <subfield code="7">0</subfield>
   <subfield code="9">18788</subfield>
   <subfield code="a">000001</subfield>
   <subfield code="b">000001</subfield>
   <subfield code="d">2020-02-22</subfield>
   <subfield code="l">2</subfield>
   <subfield code="o">616.1 E464</subfield>
   <subfield code="p">MD.16488</subfield>
   <subfield code="r">2021-04-06</subfield>
   <subfield code="s">2021-03-26</subfield>
   <subfield code="v">300000.00</subfield>
   <subfield code="w">2020-02-22</subfield>
   <subfield code="y">BK</subfield>
  </datafield>
  <datafield tag="952" ind1=" " ind2=" ">
   <subfield code="0">0</subfield>
   <subfield code="1">0</subfield>
   <subfield code="2">ddc</subfield>
   <subfield code="4">0</subfield>
   <subfield code="6">616_100000000000000_E464</subfield>
   <subfield code="7">0</subfield>
   <subfield code="9">18789</subfield>
   <subfield code="a">000001</subfield>
   <subfield code="b">000001</subfield>
   <subfield code="d">2020-02-22</subfield>
   <subfield code="o">616.1 E464</subfield>
   <subfield code="p">MD.16489</subfield>
   <subfield code="r">2020-02-22</subfield>
   <subfield code="v">300000.00</subfield>
   <subfield code="w">2020-02-22</subfield>
   <subfield code="y">BK</subfield>
  </datafield>
  <datafield tag="952" ind1=" " ind2=" ">
   <subfield code="0">0</subfield>
   <subfield code="1">0</subfield>
   <subfield code="2">ddc</subfield>
   <subfield code="4">0</subfield>
   <subfield code="6">616_100000000000000_E464</subfield>
   <subfield code="7">0</subfield>
   <subfield code="9">18790</subfield>
   <subfield code="a">000001</subfield>
   <subfield code="b">000001</subfield>
   <subfield code="d">2020-02-22</subfield>
   <subfield code="o">616.1 E464</subfield>
   <subfield code="p">MD.16490</subfield>
   <subfield code="r">2020-02-22</subfield>
   <subfield code="v">300000.00</subfield>
   <subfield code="w">2020-02-22</subfield>
   <subfield code="y">BK</subfield>
  </datafield>
  <datafield tag="980" ind1=" " ind2=" ">
   <subfield code="a">Thư viện Trường Đại học Nam Cần Thơ</subfield>
  </datafield>
 </record>
</collection>
